00309nam a2200121Ia 450000500170000000800410001708200130005810000190007124500220009026000360011230000130014850000260016120250405104517.0240331s9999 xx 000 0 und d bSIVa894 aSivasekaran, S 0aKuntrathu kumural aMadrasbSouth Asian Booksc1993 a115 p ., aA Collection of Poems